000 00411 a2200169 4500
001 74063
020 _a850202861-8
040 _cAnchieta - Colégio São Paulo
100 _aBerbel, Márcia
240 1 0 _aA independênica do Brasil (1808-1828)
_lpor
245 1 0 _aA independênica do Brasil (1808-1828)
300 _a47
362 0 _a1999
440 1 _aEditora do Brasil
650 4 _aBrasil
942 _cBK
999 _c74063
_d74063